| 000 | 00887cam a2200277Ia 4500 | ||
|---|---|---|---|
| 001 | 27249 | ||
| 003 | BD-RjUL | ||
| 005 | 20211209051130.0 | ||
| 008 | 140324s1994 ii b 001 0 eng d | ||
| 020 | _a8170246113 | ||
| 035 | _a(OCoLC)ocm34521320 | ||
| 035 |
_a(NNC)5629267 _a(BD-RjUL)27321 |
||
| 040 |
_aDRU _cDRU _dOCLCQ _dBAKER _dBD-RjUL _beng |
||
| 041 | _aeng | ||
| 082 |
_a341.247 _bNAS 1994 |
||
| 092 | _bN217s | ||
| 100 | 1 |
_aNaqash, Nasir A. _967310 |
|
| 245 | 1 | 0 |
_aSAARC : _bchallenges and opportunities / _cNasir A. Naqash. |
| 260 |
_aNew Delhi : _bAshish Pub. House, _cc1994. |
||
| 300 |
_aix, 175 p. ; _c23 cm. |
||
| 504 | _aIncludes bibliographical references & Index. | ||
| 610 | 2 | 0 |
_aSouth Asian Association for Regional Cooperation. _983629 |
| 650 | 0 |
_aSouth Asian cooperation. _967312 |
|
| 650 | 0 |
_aRegionalism (International organization) _96404 |
|
| 942 |
_2ddc _cBK |
||
| 999 |
_c27249 _d27249 |
||